Il libro dei maialini bastardi /

Uloženo v:
Podrobná bibliografie
Hlavní autor: Riley, Andy
Médium: Kniha
Jazyk:italština
Vydáno: Milano : Mondadori, 2014
Edice:Biblioteca umoristica Mondadori
Tagy: Přidat tag
Žádné tagy, Buďte první, kdo vytvoří štítek k tomuto záznamu!

MARC

LEADER 00000nam a22000007i 4500
001 IT\ICCU\MOD\1638725
003 ItRI
005 20240417204703.0
008 141105s2014 it |||||| ||||| |||||c
020 |a 9788804643784 
040 |b ita  |c GP 
041 7 |a ita  |2 ISO-639-2 
082 |a 741.5  |2 12 
100 1 |a Riley, Andy  |0 IT\ICCU\MODV\291853 
240 1 0 |a Selfish pigs  |9 Riley, Andy 
245 1 3 |a Il libro dei maialini bastardi /  |c Andy Riley. 
260 |a Milano :  |b Mondadori,  |c 2014 
300 |a 1 volume :  |b in gran parte ill. ;  |c 15 x 19 cm. 
830 0 |a Biblioteca umoristica Mondadori  |0 IT\ICCU\CFI\0000551 
942 |2 ddc  |c BK 
952 |0 0  |1 0  |2 ddc  |4 0  |6 741_500000000000000_RIL  |7 1  |9 1267  |a RM  |b RM  |d 2024-04-17  |l 0  |o 741 5 RIL  |p 859  |r 2024-04-17 20:47:23  |w 2024-04-17  |y BK 
981 1 |6 z01  |a i   |b xxxe  
982 1 |6 z01  |a n 
999 |c 1168  |d 1168